Missing Word: Mark Wahlberg Quiz Stats

 Plays Quiz Updated Mar 22, 2012

Support Sporcle.
Go Orange.
Score 0/14 Timer 02:00
1 Play Today
Mark Wahlberg Movie Answer % Correct
______ of the ApesPlanet
98.5%
The Italian ___Job
92.3%
__ Own the NightWe
75.2%
The Lovely _____Bones
55.7%
The Basketball ______Diaries
51.3%
The Perfect _____Storm
50.5%
___ PayneMax
50.2%
Mark Wahlberg Movie Answer % Correct
The Other ____Guys
44.9%
I Heart _________Huckabees
39.6%
____ BrothersFour
38.7%
Three _____Kings
33.3%
____ StarRock
18.9%
____ NightDate
14.3%
The Truth About _______Charlie
7.4%

Today's Daily Dose

You're not logged in!

Compare scores with friends on all Sporcle quizzes.
OR
Log In

From the Vault

Find the Missing Fauna in Movies III

by timmylemoine1

Quit horsing around and give this a try!
Remove Ads.
Support Sporcle.
Get the best of Sporcle when you Go Orange. This ad-free experience offers more features, more stats, and more fun while also helping to support Sporcle. Thank you for becoming a member.

Show Comments

Extras

Top Quizzes Today


Score Distribution

Your Account Isn't Verified!

In order to create a playlist on Sporcle, you need to verify the email address you used during registration. Go to your Sporcle Settings to finish the process.

Report this User

Report this user for behavior that violates our Community Guidelines.

Details: